| 000 | 00379nam a22001457a 4500 | ||
|---|---|---|---|
| 008 | 250312b |||||||| |||| 00| 0 eng d | ||
| 020 | _a139780077161088 | ||
| 050 |
_aHD30.28 _b.D47 |
||
| 100 | _aDESS, Gregory | ||
| 245 | _aStrategic Management: Test and Cases | ||
| 250 | _a7th | ||
| 260 |
_aNew York _bMc-Graw Hill/Irwin Companies _c2014 |
||
| 300 | _axxix, 563p. | ||
| 942 | _cBK | ||
| 999 |
_c2280 _d2280 |
||